Turecko a Chorvátsko na ceste do EÚ

Turecko a Chorvátsko ako problémoví kandidáti na vstup do Európskej únie. Nakoniec po dlhých rokovaniach dostali obidve krajiny zelenú. Proces vstupných rokovaní bude však prísny a dlhý, najmä s Tureckom. Rokovania s Tureckom majú trvať minimálne desať rokov. Turecko chce pokračovať v reformách. Rôz...

Ausführliche Beschreibung

Gespeichert in:
Bibliographische Detailangaben
1. Verfasser: Slovák, Kristian
Format: Buchkapitel
Sprache:Slowakisch
Schlagworte:
Tags: Tag hinzufügen
Keine Tags, Fügen Sie das erste Tag hinzu!

MARC

LEADER 00000naa$a2200000$$$4500
001 0034788
005 20231009081911.0
041 0 |a slo 
044 |a SK 
245 1 0 |a Turecko a Chorvátsko na ceste do EÚ  |c Kristian Slovák 
520 |a Turecko a Chorvátsko ako problémoví kandidáti na vstup do Európskej únie. Nakoniec po dlhých rokovaniach dostali obidve krajiny zelenú. Proces vstupných rokovaní bude však prísny a dlhý, najmä s Tureckom. Rokovania s Tureckom majú trvať minimálne desať rokov. Turecko chce pokračovať v reformách. Rôzne názory členských krajín na vstup Turecka do EÚ. Hlavným problémom Chorvátska je vydanie vojnového zločinca Ante Gotovinu Haagu. 
610 2 0 |a integrácia ekonomická medzinárodná 
610 2 0 |a Európska únia 
610 2 0 |a Turecko 
610 2 0 |a Chorvátsko 
100 1 |a Slovák, Kristian